[Event "Kreismeisterschaft Mittelfranken Mitte 2"]
[Site "Nuernberg"]
[Date "2026.01.04"]
[Round "5.12"]
[White "Simin, Vladimir"]
[Black "Ratushna, Olha"]
[Result "1/2-1/2"]
[WhiteElo "1935"]
[BlackElo "1749"]
[PlyCount "41"]
[EventDate "2026.01.02"]
[WhiteTeam "SC Schwarz-WeiÃŸ NÃ¼rnberg SÃ¼d e.V"]
[BlackTeam "SC Schwarz-WeiÃŸ NÃ¼rnberg SÃ¼d e.V"]

1. c4 Nf6 2. g3 g6 3. Bg2 Bg7 4. Nc3 d6 5. d4 O-O 6. Nf3 Nbd7 7. O-O e5 8. e4
Re8 9. d5 a5 10. h3 Nc5 11. Qc2 Nh5 12. b3 f5 13. Bg5 Nf6 14. Nd2 h6 15. Be3
Ncxe4 16. Ncxe4 fxe4 17. Nxe4 Bf5 18. Nxf6+ Qxf6 19. Be4 Bxe4 20. Qxe4 Qf5 21.
Qh4 1/2-1/2

[Event "Kreismeisterschaft Mittelfranken Mitte 2"]
[Site "Nuernberg"]
[Date "2026.01.04"]
[Round "5.13"]
[White "Yanpala, Oguz Faruk"]
[Black "Llugiq, Bajram"]
[Result "0-1"]
[WhiteElo "1624"]
[BlackElo "1914"]
[PlyCount "120"]
[EventDate "2026.01.02"]
[WhiteTeam "SC JÃ„KLECHEMIE Talente Franken e"]
[BlackTeam "SC Schwarz-WeiÃŸ NÃ¼rnberg SÃ¼d e.V"]

1. e4 Nc6 2. d4 d5 3. e5 Bf5 4. Bb5 a6 5. Ba4 b5 6. Bb3 e6 7. Ne2 Na5 8. c3 c5
9. Bc2 Bxc2 10. Qxc2 c4 11. Bf4 Ne7 12. O-O Ng6 13. Bg3 Be7 14. Nd2 O-O 15. Nf3
Qb6 16. Nf4 Rfc8 17. Nxg6 hxg6 18. Bh4 Qd8 19. Bxe7 Qxe7 20. a3 Nb3 21. Rab1 a5
22. Nd2 Nxd2 23. Qxd2 Rcb8 24. b4 axb4 25. axb4 Ra3 26. Ra1 Rba8 27. Qb2 Qa7
28. Rxa3 Qxa3 29. Qxa3 Rxa3 30. Rc1 g5 31. g4 f6 32. exf6 gxf6 33. Kg2 Kf7 34.
Kf3 e5 35. Ke3 Ke6 36. h3 Ra2 37. dxe5 Kxe5 38. Kf3 d4 39. Re1+ Kd5 40. Rd1 d3
41. Ke3 Rc2 42. f4 Rh2 43. fxg5 fxg5 44. Rf1 Rxh3+ 45. Kd2 Rh2+ 46. Kd1 Re2 47.
Rf5+ Re5 48. Rf8 Ke6 49. Re8+ Kf6 50. Rf8+ Kg7 51. Rb8 Kf7 52. Rb7+ Ke6 53.
Rb6+ Kd7 54. Rb7+ Kc6 55. Rg7 Kd5 56. Rb7 Ke4 57. Rf7 Ke3 58. Rf5 Rxf5 59. gxf5
g4 60. f6 g3 0-1

[Event "Kreismeisterschaft Mittelfranken Mitte 2"]
[Site "Nuernberg"]
[Date "2026.01.04"]
[Round "5.14"]
[White "Werner, Norbert"]
[Black "Babichev, Vyacheslav"]
[Result "1-0"]
[WhiteElo "1875"]
[BlackElo "1798"]
[PlyCount "97"]
[EventDate "2026.01.02"]
[WhiteTeam "SC Schwarz-WeiÃŸ NÃ¼rnberg SÃ¼d e.V"]
[BlackTeam "SC Schwarz-WeiÃŸ NÃ¼rnberg SÃ¼d e.V"]

1. c4 Nf6 2. g3 e6 3. Bg2 Be7 4. Nc3 c6 5. d4 d5 6. cxd5 exd5 7. Nf3 O-O 8. Bf4
Nh5 9. Bd2 Nd7 10. O-O Nb6 11. b3 f5 12. a4 a5 13. e3 Nf6 14. Ne5 Ne4 15. Nxe4
fxe4 16. f3 exf3 17. Rxf3 Nd7 18. Rxf8+ Bxf8 19. Nxd7 Bxd7 20. Qf3 Be7 21. Rf1
Bf6 22. h4 Qb6 23. Qd1 Rf8 24. Qc2 Qc7 25. Be1 Qd6 26. Qc3 b6 27. Qd3 g6 28.
Qa6 Qc7 29. Qe2 Qc8 30. Kh2 Bg4 31. Bf3 Bh3 32. Rg1 Bd7 33. g4 Re8 34. Qf2 Rf8
35. Qg2 Be7 36. g5 Bd6+ 37. Bg3 Qc7 38. e4 dxe4 39. Bxe4 Re8 40. Bf3 Re3 41.
Qf2 Bxg3+ 42. Rxg3 Qf4 43. Bd5+ cxd5 44. Qxf4 Re2+ 45. Kg1 Re4 46. Qd6 Be6 47.
Rf3 Rg4+ 48. Kf2 Bf5 49. Qd8+ 1-0

[Event "Kreismeisterschaft Mittelfranken Mitte 2"]
[Site "Nuernberg"]
[Date "2026.01.04"]
[Round "5.16"]
[White "Scheitler, Wolfgang"]
[Black "Fiedler, Wolfgang"]
[Result "0-1"]
[WhiteElo "1699"]
[BlackElo "1975"]
[PlyCount "40"]
[EventDate "2026.01.02"]
[WhiteTeam "SC Schwarz-WeiÃŸ NÃ¼rnberg SÃ¼d e.V"]
[BlackTeam "SC Schwarz-WeiÃŸ NÃ¼rnberg SÃ¼d e.V"]

1. d4 g6 2. Nf3 Bg7 3. c4 d6 4. h3 Nc6 5. Nc3 e5 6. d5 Nce7 7. e4 h6 8. Bd3 f5
9. g3 Nf6 10. Qc2 O-O 11. Bd2 a5 12. a4 Nd7 13. Be3 fxe4 14. Bxe4 Nf6 15. Bxg6
e4 16. Bxe4 Nxe4 17. Qxe4 Nf5 18. Nd4 Nxd4 19. Bxd4 Re8 20. Bxg7 Kxg7 0-1

[Event "Kreismeisterschaft Mittelfranken Mitte 2"]
[Site "Nuernberg"]
[Date "2026.01.04"]
[Round "5.17"]
[White "Walch, Roger"]
[Black "Fridlin, Daniel"]
[Result "0-1"]
[WhiteElo "1779"]
[BlackElo "1701"]
[PlyCount "62"]
[EventDate "2026.01.02"]
[WhiteTeam "SC Schwarz-WeiÃŸ NÃ¼rnberg SÃ¼d e.V"]
[BlackTeam "SC Noris-Tarrasch NÃ¼rnberg 1873"]

1. e4 c5 2. Nf3 d6 3. Bb5+ Bd7 4. Bxd7+ Nxd7 5. c4 Ngf6 6. Nc3 e6 7. O-O Be7 8.
Re1 O-O 9. d4 cxd4 10. Nxd4 a6 11. b3 Qc7 12. Be3 Nc5 13. f3 Rfd8 14. Rc1 Rac8
15. Qe2 Ncd7 16. f4 Nc5 17. Bf2 Re8 18. e5 Ng4 19. Bg3 Qb6 20. Rcd1 Nh6 21. Bf2
Qc7 22. Qh5 dxe5 23. fxe5 Bf8 24. Re3 g6 25. Qg5 Bg7 26. Nce2 Rcd8 27. h4 Nf5
28. Rh3 Qxe5 29. h5 Ne4 30. Qg4 Nxf2 31. Kxf2 Nxd4 0-1

[Event "Kreismeisterschaft Mittelfranken Mitte 2"]
[Site "Nuernberg"]
[Date "2026.01.04"]
[Round "5.18"]
[White "Poerzgen, Michael"]
[Black "Hanek, Erik"]
[Result "1/2-1/2"]
[WhiteElo "1833"]
[BlackElo "1856"]
[PlyCount "53"]
[EventDate "2026.01.02"]
[WhiteTeam "SC Schwarz-WeiÃŸ NÃ¼rnberg SÃ¼d e.V"]
[BlackTeam "SC Schwarz-WeiÃŸ NÃ¼rnberg SÃ¼d e.V"]

1. d4 Nf6 2. Nf3 d5 3. e3 c5 4. b3 Nc6 5. Bb2 cxd4 6. exd4 Bg4 7. Nbd2 e6 8. h3
Bh5 9. Be2 Bd6 10. O-O Rc8 11. a3 Bb8 12. Ne5 Bxe2 13. Qxe2 Nxe5 14. dxe5 Nd7
15. Rac1 O-O 16. c4 dxc4 17. Nxc4 Nb6 18. Rfd1 Nd5 19. Qg4 Qe7 20. Qd4 Qg5 21.
Qg4 Qxg4 22. hxg4 Rfd8 23. g3 b5 24. Na5 h6 25. Nc6 Re8 26. Rxd5 Rxc6 27. Rdc5
1/2-1/2

[Event "Kreismeisterschaft Mittelfranken Mitte 2"]
[Site "Nuernberg"]
[Date "2026.01.04"]
[Round "5.19"]
[White "Hahn, Thomas"]
[Black "Holzmann, Alisa"]
[Result "1-0"]
[WhiteElo "1813"]
[BlackElo "1512"]
[PlyCount "67"]
[EventDate "2026.01.02"]
[WhiteTeam "Spvg Zabo-Eintracht NÃ¼rnberg e.V"]
[BlackTeam "SC JÃ„KLECHEMIE Talente Franken e"]

1. e4 c5 2. Nf3 a6 3. d4 cxd4 4. Nxd4 e5 5. Nb3 Nf6 6. Bd3 Nc6 7. O-O Be7 8.
Nc3 d6 9. Qe2 Be6 10. f3 O-O 11. Be3 b5 12. Rfd1 Nb4 13. Qf2 Nxd3 14. Rxd3 Rb8
15. Rad1 Bc4 16. R3d2 Qc7 17. g4 b4 18. Ne2 Rfd8 19. Ng3 d5 20. Bc5 Bxb3 21.
Bxe7 Qxe7 22. cxb3 dxe4 23. Nxe4 Nxe4 24. fxe4 Rxd2 25. Qxd2 h6 26. Qd6 Qa7+
27. Kg2 f6 28. Rc1 Qb6 29. Rc8+ Kh7 30. Qxb8 Qe3 31. Rh8+ Kg6 32. Qe8+ Kg5 33.
Qh5+ Kf4 34. Qf5# 1-0

[Event "Kreismeisterschaft Mittelfranken Mitte 2"]
[Site "Nuernberg"]
[Date "2026.01.04"]
[Round "5.20"]
[White "Becker, Christian"]
[Black "Mueller, Gerhard"]
[Result "1-0"]
[WhiteElo "1788"]
[BlackElo "1750"]
[PlyCount "29"]
[EventDate "2026.01.02"]
[WhiteTeam "SC Schwarz-WeiÃŸ NÃ¼rnberg SÃ¼d e.V"]
[BlackTeam "SC Schwarz-WeiÃŸ NÃ¼rnberg SÃ¼d e.V"]

1. e4 c5 2. Nf3 g6 3. d4 Bg7 4. dxc5 Qa5+ 5. c3 Qxc5 6. Be3 Qc7 7. Bd4 e5 8.
Be3 Nc6 9. Na3 a6 10. Nc4 Bf8 11. Nb6 Rb8 12. Nd5 Qd6 13. Bb6 Nf6 14. Bc7 Qe6
15. Ng5 1-0

[Event "Kreismeisterschaft Mittelfranken Mitte 2"]
[Site "Nuernberg"]
[Date "2026.01.04"]
[Round "5.21"]
[White "Atturi, Sathwik Reddy"]
[Black "Barnowski, Roman"]
[Result "1-0"]
[WhiteElo "1696"]
[BlackElo "1730"]
[PlyCount "39"]
[EventDate "2026.01.02"]
[WhiteTeam "Spvg Zabo-Eintracht NÃ¼rnberg e.V"]
[BlackTeam "SC Schwarz-WeiÃŸ NÃ¼rnberg SÃ¼d e.V"]

1. e4 c6 2. d4 d5 3. Nc3 dxe4 4. Nxe4 Bf5 5. Ng3 Bg6 6. Nf3 Nd7 7. h4 f6 8. Bc4
Nb6 9. Be6 Qd6 10. Qe2 h5 11. Nf5 Bxf5 12. Bxf5 Nh6 13. Bg6+ Kd7 14. Bxh5 Rd8
15. Be3 Nd5 16. O-O-O Nf4 17. Bxf4 Qxf4+ 18. Kb1 Qf5 19. g4 Nxg4 20. Bxg4 1-0

[Event "Kreismeisterschaft Mittelfranken Mitte 2"]
[Site "Nuernberg"]
[Date "2026.01.04"]
[Round "5.23"]
[White "Meyer, Stefan"]
[Black "Nuesslein, Christian Thomas"]
[Result "1/2-1/2"]
[WhiteElo "1708"]
[BlackElo "1791"]
[PlyCount "86"]
[EventDate "2026.01.02"]
[WhiteTeam "SC Noris-Tarrasch NÃ¼rnberg 1873"]
[BlackTeam "SC Anderssen NÃ¼rnberg 1929 e.V."]

1. d4 c5 2. d5 Nf6 3. c4 b5 4. b3 g6 5. Bb2 Bg7 6. Nf3 O-O 7. g3 Qb6 8. Nbd2 d6
9. Bg2 Nbd7 10. O-O Ba6 11. Qc2 Rfb8 12. Rfb1 Rb7 13. e4 Rab8 14. e5 Ng4 15. e6
Bxb2 16. exf7+ Kxf7 17. Ng5+ Kg8 18. Rxb2 Rf8 19. Ngf3 Nge5 20. Ng5 bxc4 21.
Ne6 Rf6 22. Ne4 Nf3+ 23. Bxf3 Rxf3 24. Qd2 Nf8 25. Qh6 Nxe6 26. dxe6 Rf5 27.
Ng5 Rxg5 28. Qxg5 Qb4 29. a3 Qc3 30. Rab1 cxb3 31. Qd5 Qc4 32. Qc6 Kg7 33. Re1
d5 34. Qe8 Qc3 35. Qf7+ Kh6 36. Qf8+ Qg7 37. Qf4+ g5 38. Qd2 Qd4 39. Qc1 Qc4
40. Qe3 Qd4 41. Qc1 Qc4 42. Qe3 Qd4 43. Qc1 Qc4 1/2-1/2

[Event "Kreismeisterschaft Mittelfranken Mitte 2"]
[Site "Nuernberg"]
[Date "2026.01.04"]
[Round "5.24"]
[White "Nesmjanowitsch, Julia"]
[Black "Steindl, Horst"]
[Result "1-0"]
[WhiteElo "1660"]
[BlackElo "1609"]
[PlyCount "77"]
[EventDate "2026.01.02"]
[WhiteTeam "SC JÃ„KLECHEMIE Talente Franken e"]
[BlackTeam "SC Schwarz-WeiÃŸ NÃ¼rnberg SÃ¼d e.V"]

1. e4 c6 2. d4 d5 3. f3 dxe4 4. fxe4 Nf6 5. e5 Bg4 6. Be2 Bxe2 7. Qxe2 Nd5 8.
Nf3 e6 9. O-O Be7 10. c4 Nb6 11. Nc3 O-O 12. Ne4 N8d7 13. Bg5 f6 14. exf6 Nxf6
15. Nxf6+ Bxf6 16. Qxe6+ Rf7 17. Rae1 Qd7 18. Bxf6 Qxe6 19. Rxe6 Rxf6 20. Rxf6
gxf6 21. b3 Nd7 22. Re1 Kf7 23. Nh4 Re8 24. Rxe8 Kxe8 25. Nf5 Kf7 26. Nd6+ Ke6
27. Nxb7 Ke7 28. Nc5 Nxc5 29. dxc5 Ke6 30. Kf2 Ke5 31. Ke3 f5 32. g3 h6 33. b4
a6 34. a4 h5 35. b5 axb5 36. axb5 cxb5 37. cxb5 Kd5 38. b6 Kc6 39. Kf4 1-0

[Event "Kreismeisterschaft Mittelfranken Mitte 2"]
[Site "Nuernberg"]
[Date "2026.01.04"]
[Round "5.26"]
[White "Majid, Hakim"]
[Black "Wenta, Theodor"]
[Result "0-1"]
[WhiteElo "1592"]
[BlackElo "1633"]
[PlyCount "82"]
[EventDate "2026.01.02"]
[WhiteTeam "SC Schwarz-WeiÃŸ NÃ¼rnberg SÃ¼d e.V"]
[BlackTeam "SC Schwarz-WeiÃŸ NÃ¼rnberg SÃ¼d e.V"]

1. e4 e5 2. Bc4 Nf6 3. Nc3 c6 4. Nf3 d6 5. O-O Bg4 6. Be2 Be7 7. d4 O-O 8. d5
cxd5 9. exd5 a6 10. Nd2 Bxe2 11. Qxe2 Nbd7 12. Nde4 Rc8 13. Qd3 b5 14. a3 Qc7
15. Ng3 Qc4 16. Qf3 Qg4 17. Qd3 Nc5 18. Qf5 Qxf5 19. Nxf5 Rfe8 20. Bg5 Bf8 21.
Rae1 h6 22. Bxf6 gxf6 23. Ne3 Kh7 24. Ng4 Bg7 25. Re3 f5 26. Rg3 fxg4 27. Rxg4
f5 28. Rh4 Nd7 29. Rh5 Kg6 30. Rh3 Rf8 31. Rg3+ Kh7 32. Rh3 e4 33. Re1 Bxc3 34.
bxc3 Rc5 35. c4 bxc4 36. Rc3 Rfc8 37. Rb1 Ne5 38. Rb7+ R8c7 39. Rxc7+ Rxc7 40.
Rg3 f4 41. Rg4 Rg7 0-1

[Event "Kreismeisterschaft Mittelfranken Mitte 2"]
[Site "Nuernberg"]
[Date "2026.01.04"]
[Round "5.27"]
[White "Sarcevic, Ivo"]
[Black "Naegelein, Louis"]
[Result "0-1"]
[WhiteElo "1674"]
[BlackElo "1692"]
[PlyCount "128"]
[EventDate "2026.01.02"]
[WhiteTeam "SC Schwarz-WeiÃŸ NÃ¼rnberg SÃ¼d e.V"]
[BlackTeam "SV Postbauer e.V."]

1. e4 c6 2. f4 d5 3. e5 Bf5 4. d3 e6 5. Nf3 Nd7 6. Be3 c5 7. c3 Qb6 8. Qd2 Ne7
9. Na3 Nc6 10. Be2 Qc7 11. O-O Be7 12. Bf2 O-O 13. Nh4 Bg6 14. Rab1 a6 15. Nxg6
fxg6 16. Nc2 b5 17. d4 c4 18. Bg3 Qb6 19. a3 Rf7 20. Bg4 Na5 21. Na1 Raf8 22.
Rf3 h5 23. Bh3 g5 24. fxg5 Rxf3 25. gxf3 Rxf3 26. Rf1 Rxf1+ 27. Kxf1 g6 28. Bh4
Nf8 29. Qc2 Kg7 30. Kg2 Nc6 31. Qf2 a5 32. Nc2 b4 33. axb4 axb4 34. Ne1 bxc3
35. bxc3 Qb3 36. Qc2 Na7 37. Qxb3 cxb3 38. Nd3 Nb5 39. Be1 Ba3 40. Bd2 b2 41.
Nxb2 Bxb2 42. Kf3 Nxc3 43. Bxc3 Bxc3 44. Ke3 Bb2 45. Kd3 Bc1 46. Kc3 Bxg5 47.
Kb4 Bf4 48. Kc5 Bxh2 49. Kd6 Kf7 50. Bg2 g5 51. Bf1 Ng6 52. Bg2 Nf4 53. Bh1 g4
54. Kd7 g3 55. Bf3 g2 56. Kd6 g1=Q 57. Bxd5 Qxd4 58. Kc7 Qxd5 59. Kc8 Ke7 60.
Kc7 Qxe5+ 61. Kc8 Kd6 62. Kb7 Qc3 63. Kb6 Qb2+ 64. Ka5 Kc5 0-1

[Event "Kreismeisterschaft Mittelfranken Mitte 2"]
[Site "Nuernberg"]
[Date "2026.01.06"]
[Round "6.1"]
[White "Adeluette, Dennis"]
[Black "Papst, Arthur"]
[Result "1-0"]
[WhiteElo "2103"]
[BlackElo "1772"]
[PlyCount "98"]
[EventDate "2026.01.02"]
[WhiteTeam "SC JÃ„KLECHEMIE Talente Franken e"]
[BlackTeam "SK NÃ¼rnberg 1911 e.V."]

1. d4 Nf6 2. Nf3 d5 3. c4 e6 4. Nc3 Bb4 5. cxd5 exd5 6. Bg5 O-O 7. e3 Bf5 8.
Bd3 Bxd3 9. Qxd3 c6 10. O-O Nbd7 11. Ne5 Qe8 12. f4 Bxc3 13. Nxd7 Nxd7 14. bxc3
f5 15. c4 Nb6 16. cxd5 cxd5 17. Rab1 Rf7 18. Rfe1 Qe6 19. Bh4 Nc4 20. Re2 Re8
21. Rb3 Qc6 22. Qb1 b6 23. Rc3 Re4 24. Qb3 b5 25. Rec2 a5 26. a3 Rb7 27. Rc1
Qe6 28. Bf2 h6 29. a4 b4 30. Rd3 Qd7 31. h3 Re8 32. Rdd1 Rc8 33. Re1 Rbc7 34.
Red1 Nb6 35. Rc5 Rxc5 36. dxc5 Rxc5 37. e4 Rc3 38. Qa2 Qxa4 39. Qd2 Qb5 40.
exd5 Nd7 41. Qe1 Nf8 42. Bd4 Rc8 43. Qe5 Qd7 44. d6 a4 45. Re1 Ng6 46. Qd5+ Kf8
47. Re6 Qf7 48. d7 Rd8 49. Bc5+ Kg8 1-0

[Event "Kreismeisterschaft Mittelfranken Mitte 2"]
[Site "Nuernberg"]
[Date "2026.01.06"]
[Round "6.2"]
[White "Heemann, Jonas"]
[Black "Lemba, Albert"]
[Result "0-1"]
[WhiteElo "1627"]
[BlackElo "1973"]
[PlyCount "73"]
[EventDate "2026.01.02"]
[WhiteTeam "SK NÃ¼rnberg 1911 e.V."]
[BlackTeam "SC Noris-Tarrasch NÃ¼rnberg 1873"]

1. e4 c5 2. Nf3 Nc6 3. d4 cxd4 4. Nxd4 Nf6 5. Nc3 e5 6. Ndb5 d6 7. Nd5 Nxd5 8.
exd5 Nb8 9. a4 Be7 10. Be2 O-O 11. O-O f5 12. c4 a6 13. Nc3 a5 14. b3 Na6 15.
Nb5 Bd7 16. Ba3 Qb6 17. Qd2 Nc5 18. Qe3 Rac8 19. Rab1 f4 20. Bxc5 Rxc5 21. Qf3
Bf5 22. Bd3 Bxd3 23. Qxd3 f3 24. gxf3 Rcc8 25. Rfe1 Bg5 26. Re4 Rf5 27. Kf1
Rcf8 28. Ke2 Qd8 29. Rg4 Qf6 30. Rg3 e4 31. Qd4 exf3+ 32. Kd3 Re5 33. Rbg1 Qf5+
34. Kc3 Re2 35. Qd3 Bf6+ 36. Nd4 Bxd4+ 37. Kxd4 0-1

[Event "Kreismeisterschaft Mittelfranken Mitte 2"]
[Site "Nuernberg"]
[Date "2026.01.06"]
[Round "6.3"]
[White "Himonakis, Michael"]
[Black "Levent, Abdullah"]
[Result "0-1"]
[WhiteElo "1916"]
[BlackElo "1710"]
[PlyCount "110"]
[EventDate "2026.01.02"]
[WhiteTeam "SC Noris-Tarrasch NÃ¼rnberg 1873"]
[BlackTeam "SC Noris-Tarrasch NÃ¼rnberg 1873"]

1. e4 c6 2. d4 d5 3. e5 c5 4. dxc5 e6 5. a3 Bxc5 6. Nf3 Ne7 7. b4 Bb6 8. Bb2
Ng6 9. Bd3 Nd7 10. O-O Bc7 11. Re1 b6 12. Nbd2 Bb7 13. c4 Nf4 14. Bf1 g5 15. g3
Ng6 16. cxd5 Bxd5 17. Rc1 g4 18. Qc2 Bb8 19. Nd4 Bxe5 20. Nc4 Qf6 21. Nxe5
Ngxe5 22. f4 gxf3 23. Nxe6 fxe6 24. Bb5 f2+ 25. Qxf2 Nf3+ 26. Kf1 Nxh2+ 27. Kg1
Qxf2+ 28. Kxf2 O-O+ 29. Ke2 Ng4 30. Bxd7 Rf2+ 31. Kd3 Rxb2 32. Rxe6 Nf2+ 33.
Kc3 Rb3+ 34. Kc2 Rxa3 35. Re5 Bf7 36. Rf1 Rd8 37. Re7 Kf8 38. Rxf7+ Kxf7 39.
Rxf2+ Ke7 40. Kb2 Rxg3 41. Bf5 h5 42. Rc2 Kf6 43. Rf2 Kg5 44. Be6 Rd4 45. Rf5+
Kg6 46. Rf8 Rxb4+ 47. Kc2 h4 48. Bf5+ Kg7 49. Rc8 Rf4 50. Bd3 Rf2+ 51. Kc3 Rff3
52. Rc7+ Kf6 53. Rd7 Rxd3+ 54. Rxd3 Rxd3+ 55. Kxd3 Kg5 0-1

[Event "Kreismeisterschaft Mittelfranken Mitte 2"]
[Site "Nuernberg"]
[Date "2026.01.06"]
[Round "6.4"]
[White "Ahlich, Thomas"]
[Black "Seibold, Hubert"]
[Result "1/2-1/2"]
[WhiteElo "1942"]
[BlackElo "2034"]
[PlyCount "27"]
[EventDate "2026.01.02"]
[WhiteTeam "Spvg Zabo-Eintracht NÃ¼rnberg e.V"]
[BlackTeam "SK Zirndorf e.V."]

1. Nf3 g6 2. d4 Nf6 3. c4 Bg7 4. b3 c5 5. e3 O-O 6. Bb2 cxd4 7. Nxd4 Nc6 8. Be2
d5 9. Nxc6 bxc6 10. cxd5 cxd5 11. O-O Bb7 12. Nd2 Qd6 13. Nf3 Rfe8 14. Be5
1/2-1/2

[Event "Kreismeisterschaft Mittelfranken Mitte 2"]
[Site "Nuernberg"]
[Date "2026.01.06"]
[Round "6.5"]
[White "Ramonat, Valentin"]
[Black "Kanewski, Josef"]
[Result "0-1"]
[WhiteElo "1748"]
[BlackElo "1972"]
[PlyCount "116"]
[EventDate "2026.01.02"]
[WhiteTeam "SC Schwarz-WeiÃŸ NÃ¼rnberg SÃ¼d e.V"]
[BlackTeam "SC Schwarz-WeiÃŸ NÃ¼rnberg SÃ¼d e.V"]

1. d4 f5 2. e4 fxe4 3. Nc3 Nf6 4. Bg5 g6 5. h4 h5 6. Bxf6 exf6 7. Nxe4 d5 8.
Ng3 Be6 9. Bd3 Bf7 10. Qe2+ Qe7 11. O-O-O Nc6 12. c3 O-O-O 13. Nh3 Bh6+ 14. Kb1
Qd6 15. Rhf1 Rhe8 16. Qc2 Rg8 17. Ne2 Qd7 18. Nef4 Ne7 19. f3 g5 20. hxg5 fxg5
21. Ne2 Be6 22. Nf2 Nf5 23. Bxf5 Bxf5 24. Nd3 Rde8 25. Ka1 Re3 26. Nec1 Qh7 27.
Qd2 g4 28. f4 Re4 29. g3 h4 30. Qf2 hxg3 31. Qxg3 Qe7 32. Ne5 c5 33. Nb3 cxd4
34. Rxd4 Bxf4 35. Rxf4 Qxe5 36. Rdxe4 dxe4 37. Nd4 Rh8 38. a3 Rh3 39. Qf2 g3
40. Qf1 g2 41. Qc4+ Kd7 42. Qf7+ Kd8 43. Rxf5 g1=Q+ 44. Ka2 Qxf5 45. Qxf5 Qg8+
46. Ne6+ Ke7 47. Qxh3 Qxe6+ 48. Qxe6+ Kxe6 49. Kb3 Ke5 50. Kc2 Kf4 51. Kd2 Kf3
52. Ke1 Ke3 53. a4 Kd3 54. a5 a6 55. Kd1 e3 56. b4 Kxc3 57. b5 axb5 58. Ke2 Kd4
0-1

[Event "Kreismeisterschaft Mittelfranken Mitte 2"]
[Site "Nuernberg"]
[Date "2026.01.06"]
[Round "6.6"]
[White "Vogiatzis, Dimitrios"]
[Black "Mueller, Tim"]
[Result "0-1"]
[WhiteElo "1949"]
[BlackElo "1713"]
[PlyCount "78"]
[EventDate "2026.01.02"]
[WhiteTeam "SC Noris-Tarrasch NÃ¼rnberg 1873"]
[BlackTeam "SC Noris-Tarrasch NÃ¼rnberg 1873"]

1. b3 d5 2. Bb2 Bg4 3. g3 Nf6 4. Bg2 Nbd7 5. c4 c6 6. d4 e6 7. Nd2 Bb4 8. f3
Bf5 9. a3 Bxd2+ 10. Qxd2 O-O 11. h4 Qc7 12. g4 Qg3+ 13. Kf1 Bxg4 14. Bc1 Bf5
15. h5 h6 16. Nh3 Nxh5 17. Nf2 Ndf6 18. Rg1 Qh2 19. Nh1 Rad8 20. c5 Rfe8 21.
Bb2 Bh3 22. Bxh3 Qxh3+ 23. Kf2 Qh2+ 24. Rg2 Qh4+ 25. Kg1 Nf4 26. Rg3 N4h5 27.
Rg2 Qf4 28. Qd3 Qf5 29. Qd2 Nf4 30. Rg3 h5 31. Kf1 h4 32. Rg1 Qh3+ 33. Ke1 Qh2
34. Qe3 e5 35. dxe5 d4 36. Qf2 Qxf2+ 37. Kxf2 Nh3+ 38. Kf1 Nxg1 39. Kxg1 Rxe5
0-1

[Event "Kreismeisterschaft Mittelfranken Mitte 2"]
[Site "Nuernberg"]
[Date "2026.01.06"]
[Round "6.7"]
[White "Redzepovic, Irfan"]
[Black "Civas, Ege Noyan"]
[Result "1-0"]
[WhiteElo "1992"]
[BlackElo "1847"]
[PlyCount "130"]
[EventDate "2026.01.02"]
[WhiteTeam "SC Schwarz-WeiÃŸ NÃ¼rnberg SÃ¼d e.V"]
[BlackTeam "SC Schwarz-WeiÃŸ NÃ¼rnberg SÃ¼d e.V"]

1. d4 Nf6 2. Nf3 e6 3. c4 d5 4. g3 Be7 5. Bg2 O-O 6. O-O dxc4 7. Qc2 a6 8. a4
Bd7 9. Nbd2 Bc6 10. Rd1 b5 11. b3 cxb3 12. Nxb3 Be4 13. Qd2 Qd5 14. Ba3 Bxa3
15. Rxa3 Nbd7 16. a5 Rac8 17. Rc1 Rfd8 18. Qc3 Qd6 19. Nc5 Nxc5 20. Qxc5 Nd7
21. Qxd6 cxd6 22. Rac3 Rxc3 23. Rxc3 Rb8 24. Nd2 Bxg2 25. Kxg2 b4 26. Rc7 Nf6
27. Rc6 Kf8 28. Nb3 Ke7 29. Rxa6 Kd8 30. Ra7 Nd7 31. a6 Rb6 32. Kf1 Kc8 33. Ke1
Nb8 34. Rxf7 Rxa6 35. Kd2 Ra3 36. Kc2 Ra2+ 37. Kd3 Rb2 38. Na5 d5 39. Rxg7 Ra2
40. Nb7 Nd7 41. Nc5 Ra3+ 42. Kc2 Rc3+ 43. Kb2 Nxc5 44. dxc5 Rxc5 45. Rxh7 d4
46. f4 Rc3 47. Rh5 Kd7 48. Rb5 Re3 49. Re5 Rc3 50. Re4 Kc6 51. Rxd4 Kb5 52. Re4
Ka4 53. Rxe6 Rb3+ 54. Kc2 Rc3+ 55. Kd2 Ka3 56. Rb6 Rc8 57. e4 Rh8 58. e5 Rxh2+
59. Ke3 b3 60. f5 b2 61. f6 Rh1 62. f7 Rf1 63. e6 Rf6 64. Kd4 Rf3 65. Rxb2 Kxb2
1-0

[Event "Kreismeisterschaft Mittelfranken Mitte 2"]
[Site "Nuernberg"]
[Date "2026.01.06"]
[Round "6.8"]
[White "Erlbeck, Peter"]
[Black "Llugiq, Bajram"]
[Result "1/2-1/2"]
[WhiteElo "2019"]
[BlackElo "1914"]
[PlyCount "94"]
[EventDate "2026.01.02"]
[WhiteTeam "SC Schwarz-WeiÃŸ NÃ¼rnberg SÃ¼d e.V"]
[BlackTeam "SC Schwarz-WeiÃŸ NÃ¼rnberg SÃ¼d e.V"]

1. e4 Nc6 2. d4 e6 3. Nf3 d6 4. Nc3 Nf6 5. Bd3 Nb4 6. O-O Nxd3 7. Qxd3 h6 8.
Be3 Be7 9. Rad1 O-O 10. h3 b6 11. e5 Nh7 12. Qe4 d5 13. Qg4 Kh8 14. Ne2 Ba6 15.
Ng3 Bxf1 16. Rxf1 Rg8 17. Nh2 Qd7 18. Ne2 Rac8 19. Qh5 Qe8 20. f4 f5 21. Qf3 c5
22. b3 a5 23. c3 cxd4 24. Bxd4 Bc5 25. g4 g6 26. Kh1 Nf8 27. Rc1 Kh7 28. Nf1
Nd7 29. Ne3 Qf7 30. c4 dxc4 31. bxc4 Rgf8 32. Rf1 Nb8 33. Bxc5 Rxc5 34. Rb1 Qc7
35. Nd4 Qd7 36. Nb3 Rc7 37. Rd1 Qc6 38. Qxc6 Rxc6 39. Nd4 Rd8 40. Nxc6 Rxd1+
41. Nxd1 Nxc6 42. Kg2 Kg7 43. Kf2 Kf7 44. Ke3 Ke7 45. gxf5 gxf5 46. Nc3 Kd7 47.
a3 Ne7 1/2-1/2

[Event "Kreismeisterschaft Mittelfranken Mitte 2"]
[Site "Nuernberg"]
[Date "2026.01.06"]
[Round "6.10"]
[White "Pohl, Steffen"]
[Black "Gottlieb, Michael"]
[Result "1/2-1/2"]
[WhiteElo "1941"]
[BlackElo "1755"]
[PlyCount "40"]
[EventDate "2026.01.02"]
[WhiteTeam "SC JÃ„KLECHEMIE Talente Franken e"]
[BlackTeam "SV Postbauer e.V."]

1. e4 e5 2. Nf3 Nc6 3. Bc4 Nf6 4. Ng5 d5 5. exd5 b5 6. Bf1 Nxd5 7. Bxb5 Bb7 8.
d4 exd4 9. O-O Be7 10. Nf3 O-O 11. Bxc6 Bxc6 12. Nxd4 Bb7 13. c3 Bd6 14. Nf5
Be5 15. Qg4 Bc8 16. Qf3 c6 17. Ng3 Qc7 18. Na3 Ba6 19. Re1 Rab8 20. Rb1 Rfe8
1/2-1/2

[Event "Kreismeisterschaft Mittelfranken Mitte 2"]
[Site "Nuernberg"]
[Date "2026.01.06"]
[Round "6.11"]
[White "Fridlin, Daniel"]
[Black "Simin, Vladimir"]
[Result "1-0"]
[WhiteElo "1701"]
[BlackElo "1935"]
[PlyCount "49"]
[EventDate "2026.01.02"]
[WhiteTeam "SC Noris-Tarrasch NÃ¼rnberg 1873"]
[BlackTeam "SC Schwarz-WeiÃŸ NÃ¼rnberg SÃ¼d e.V"]

1. e4 e6 2. d4 d5 3. Nd2 Nf6 4. e5 Nfd7 5. Bd3 c5 6. c3 Nc6 7. Ne2 Qb6 8. Nf3
Be7 9. O-O f6 10. exf6 Nxf6 11. Ng3 O-O 12. Rb1 Bd7 13. a3 cxd4 14. cxd4 Bd6
15. b4 e5 16. dxe5 Nxe5 17. Nxe5 Bxe5 18. Be3 d4 19. Bg5 Rac8 20. Ne4 Nxe4 21.
Bxe4 Rc3 22. Bd2 Bb5 23. Qh5 g6 24. Qxe5 Bxf1 25. Bd5+ 1-0

[Event "Kreismeisterschaft Mittelfranken Mitte 2"]
[Site "Nuernberg"]
[Date "2026.01.06"]
[Round "6.12"]
[White "Ratushna, Olha"]
[Black "Duong, Ba Duc"]
[Result "1-0"]
[WhiteElo "1749"]
[BlackElo "1829"]
[PlyCount "83"]
[EventDate "2026.01.02"]
[WhiteTeam "SC Schwarz-WeiÃŸ NÃ¼rnberg SÃ¼d e.V"]
[BlackTeam "SK NÃ¼rnberg 1911 e.V."]

1. e4 d6 2. d4 Nf6 3. Nc3 g6 4. Nf3 Bg7 5. h3 O-O 6. Be2 e5 7. dxe5 dxe5 8. Bg5
Nc6 9. Bb5 Bd7 10. Bxc6 Bxc6 11. Qxd8 Raxd8 12. Nxe5 Bxe4 13. Nxe4 Nxe4 14.
Bxd8 Bxe5 15. Bh4 Bxb2 16. Rb1 Bc3+ 17. Ke2 g5 18. Bg3 Re8 19. Kd3 f5 20. Bh2
Rd8+ 21. Kc4 Rd4+ 22. Kb3 b5 23. a3 Rc4 24. Rbd1 Bd4 25. Rxd4 Rxd4 26. Bxc7
Nc5+ 27. Kb2 Rd2 28. Rf1 Nd3+ 29. Kc3 Rxf2 30. Rxf2 Nxf2 31. Kb4 Nd1 32. g3 Ne3
33. Kxb5 Nxc2 34. a4 Kf7 35. Ka6 Ke6 36. Kxa7 Nd4 37. Kb6 Kd7 38. a5 Ne6 39.
Be5 f4 40. gxf4 Nxf4 41. a6 Kc8 42. Bxf4 1-0